00541nam a2200181Ia 4500008004100000020001800041082000800059100002500067245007000092250000600162260002900168300001000197500002400207650001400231942000700245952009000252999001700342230524s9999 xx 000 0 und d a9788131512430 bFIO aJames M.Fiore942817 0aOp Amps and Linear Integrated Circuits: Concepts and Application a2 aNew DelhibCengagec2014 a507p; aQuantity Number: 1 aMechanics cBK 00104070aTATCLbTATCLcGENd2023-05-24l0o FIOp54104r2023-05-24w2023-05-24yBK c57790d57790